01886cam a2200241 a 45000010009000000050017000090080041000260100017000670200030000840400018001140430012001320500021001440820019001652450115001842600056002993000053003555000051004085051051004596500042015106510028015527000040015807000024016201605549520210414114230.0100114s2010 nyuab b 001 0 eng  a 2010001172 a9781616680206 (hardcover) aDLCcDLCdDLC af-gh---00aHC1060.Z65bN38 00a333.70966722200aNatural resources in Ghana :management, policy and economics. /ceditors, David M. Nanang, Thompson K. Nunifu. aHauppauge, N.Y. :bNova Science Publishers,cc2010. axvii, 354 p. :bill., maps (some col.) ;c26 cm. aIncludes bibliographical references and index. aContents: Towards sustainable forest management in Ghana -- Threats to protected forest areas: a case study of illegal farming in South- Western Ghana -- A Conceptual framework of plantation development -- Growth and management of teak -- Bush meat crisis and wildlife conservation -- Hunting and trading bush meat in Northern Ghana -- Wildlife conservation and sustainable development in rural communities in Ghana: the case of giant African snails in the Bia Biosphere Reserve -- Community- based water resources management: a case study of Rural fisheries in Ghana -- Community involvement in wildlife conservation in northern Ghana -- Community- based conservation in Ghana --Economics of national resource management -- Natural resource valuation and analysis -- Estimating the economic value of recreation -- Analyses of the causes of deforestation in Ghana: An Econometric approach -- Meeting socioeconomic objectives in Ghana's Sardinella fishery -- Ghana's trade in forest products: Analyses of export demand and its policy implications. 0aNatural resourceszGhanaxManagement. 0aGhanaxEconomic policy.1 aNanang, David M.q(David Mateiyenu)1 aNunifu, Thompson K.